[Event "POL-chT 2nd League Juniors 2020"]
[Site "Sypniewo"]
[Date "2020.10.24"]
[Round "2.22"]
[White "Kaczmarek, Jan"]
[Black "Leszczewicz, Karol"]
[Result "1-0"]
[WhiteElo "1229"]
[BlackElo "1267"]
[Annotator "NA RC"]
[PlyCount "115"]
[EventDate "2020.10.23"]
[EventType "team-tourn"]
[EventCountry "POL"]
[SourceTitle "playchess.com"]
[Source "ChessBase"]
[SourceQuality "1"]
[TimeControl "5400+30"]

1. d4 {[%emt 0:00:00]} Nf6 {[%emt 0:00:00]} 2. c4 {[%emt 0:00:00]} c6 {[%emt 0:00:35]} 3. Nf3 {[%emt 0:00:33]} d5 {[%emt 0:00:31]} 4. Nc3 {[%emt 0:00:23]} Bf5 {[%emt 0:03:00]} 5. cxd5 {[%emt 0:00:31]} cxd5 {[%emt 0:00:21]} 6. Qb3 {[%emt 0:00:10]} e6 {[%emt 0:20:24]} 7. Qxb7 {[%emt 0:00:52]} Nbd7 {[%emt 0:00:54]} 8. Bf4 {[%emt 0:03:59]} Be7 {[%emt 0:03:48]} 9. e3 {[%emt 0:05:41]} O-O {[%emt 0:04:00]} 10. Nh4 {[%emt 0:02:52]} Bg6 {[%emt 0:04:27]} 11. Nxg6 {[%emt 0:00:02]} hxg6 {[%emt 0:00:20]} 12. Bb5 {[%emt 0:02:24]} Nb6 {[%emt 0:09:10]} 13. Bc7 {[%emt 0:10:05]} Qc8 {[%emt 0:01:55]} 14. Bc6 {[%emt 0:02:36]} Qxb7 {[%emt 0:03:57]} 15. Bxb7 {[%emt 0:00:03]} Rae8 {[%emt 0:00:14]} 16. Bxb6 {[%emt 0:01:00]} axb6 {[%emt 0:00:05]} 17. O-O {[%emt 0:00:44]} Rb8 {[%emt 0:04:51]} 18. Ba6 {[%emt 0:00:20]} Ra8 {[%emt 0:00:49]} 19. Bd3 {[%emt 0:01:38]} Rac8 {[%emt 0:01:09]} 20. Rfc1 {[%emt 0:00:46]} Bb4 {[%emt 0:06:03]} 21. Na4 {[%emt 0:02:39]} Ba5 {[%emt 0:08:23]} 22. a3 {[%emt 0:01:31]} Rb8 {[%emt 0:02:29]} 23. Bb5 {[%emt 0:01:09]} Bd2 {[%emt 0:02:40]} 24. Rd1 {[%emt 0:01:58]} Ne4 {[%emt 0:00:15]} 25. Bd3 {[%emt 0:07:14]} b5 {[%emt 0:00:40]} 26. Nc5 {[%emt 0:00:58]} Nxc5 {[%emt 0:00:16]} 27. dxc5 {[%emt 0:00:02]} Ba5 {[%emt 0:00:13]} 28. b4 {[%emt 0:00:14]} Bc7 {[%emt 0:00:41]} 29. a4 {[%emt 0:01:40]} bxa4 {[%emt 0:00:10]} 30. Rxa4 {[%emt 0:00:05]} Rfc8 {[%emt 0:06:08]} 31. Rc1 {[%emt 0:02:02]} Bb6 {[%emt 0:03:19]} 32. Rc2 {[%emt 0:06:13]} Bd8 {[%emt 0:06:00]} 33. b5 {[%emt 0:01:11]} Kf8 {[%emt 0:00:30]} 34. Ra7 {[%emt 0:06:27]} e5 {[%emt 0:00:42]} 35. c6 {[%emt 0:02:45]} e4 {[%emt 0:00:36]} 36. Be2 {[%emt 0:01:28]} Rc7 {[%emt 0:01:15]} 37. Ra6 {[%emt 0:09:04]} Rcc8 {[%emt 0:00:09]} 38. Rd2 {[%emt 0:00:44]} Ke7 {[%emt 0:03:23]} 39. Rxd5 {[%emt 0:00:28]} Bc7 {[%emt 0:00:09]} 40. Rd7+ {[%emt 0:01:06]} Kf8 {[%emt 0:00:35]} 41. Ra7 {[%emt 0:01:04]} Be5 42. c7 {[%emt 0:01:26]} Bxc7 {[%emt 0:01:51]} 43. Rdxc7 {[%emt 0:00:19]} Rd8 {[%emt 0:00:10]} 44. Rxf7+ {[%emt 0:02:04]} Kg8 {[%emt 0:00:14]} 45. Rxg7+ {[%emt 0:00:05]} Kf8 {[%emt 0:00:24]} 46. g3 {[%emt 0:03:40]} Rb6 {[%emt 0:00:23]} 47. Rgf7+ {[%emt 0:00:19]} Kg8 {[%emt 0:00:11]} 48. Bc4 {[%emt 0:00:17]} Rbd6 {[%emt 0:01:19]} 49. Rfd7+ {[%emt 0:01:48]} Kf8 {[%emt 0:00:10]} 50. Rxd8+ {[%emt 0:00:24]} Rxd8 {[%emt 0:00:02]} 51. b6 {[%emt 0:00:11]} Rb8 {[%emt 0:00:11]} 52. b7 {[%emt 0:00:31]} Ke7 {[%emt 0:00:05]} 53. Bd5 {[%emt 0:00:04]} Kd7 {[%emt 0:00:16]} 54. Ra8 {[%emt 0:00:20]} Kc7 {[%emt 0:00:01]} 55. Rxb8 {[%emt 0:00:11]} Kxb8 {[%emt 0:00:09]} 56. Bxe4 {[%emt 0:00:04]} g5 {[%emt 0:00:07]} 57. f4 {[%emt 0:00:14]} gxf4 {[%emt 0:00:05]} 58. exf4 {[%emt 0:00:10]} 1-0

[Event "POL-chT 2nd League Juniors 2020"]
[Site "Sypniewo"]
[Date "2020.10.24"]
[Round "2.23"]
[White "Tarka, Aleksandra"]
[Black "Niemier, Martyna"]
[Result "1/2-1/2"]
[WhiteElo "1676"]
[BlackElo "1235"]
[Annotator "NA RC"]
[PlyCount "62"]
[EventDate "2020.10.23"]
[EventType "team-tourn"]
[EventCountry "POL"]
[SourceTitle "playchess.com"]
[Source "ChessBase"]
[SourceQuality "1"]
[TimeControl "5400+30"]

1. e4 {[%emt 0:00:00]} e6 {[%emt 0:00:00]} 2. d4 {[%emt 0:00:00]} d5 {[%emt 0:00:00]} 3. Bd3 {[%emt 0:00:00]} c5 {[%emt 0:10:10]} 4. exd5 {[%emt 0:00:21]} Qxd5 {[%emt 0:02:58]} 5. Nc3 {[%emt 0:03:35]} Qd8 {[%emt 0:03:11]} 6. Nf3 {[%emt 0:00:39]} Nf6 {[%emt 0:02:16]} 7. Be3 {[%emt 0:15:05]} cxd4 {[%emt 0:07:50]} 8. Bxd4 {[%emt 0:10:15]} Be7 {[%emt 0:02:51]} 9. O-O {[%emt 0:10:21]} O-O {[%emt 0:00:26]} 10. Qe2 {[%emt 0:04:16]} Nc6 {[%emt 0:05:22]} 11. Rfd1 {[%emt 0:11:10]} Nxd4 {[%emt 0:07:19]} 12. Nxd4 {[%emt 0:00:07]} Qb6 {[%emt 0:01:44]} 13. Rab1 {[%emt 0:07:22]} Bd7 {[%emt 0:02:54]} 14. Nf3 {[%emt 0:03:23]} Bc6 {[%emt 0:02:47]} 15. Ne5 {[%emt 0:02:02]} Rad8 {[%emt 0:07:12]} 16. a3 {[%emt 0:06:04]} Qc5 {[%emt 0:03:10]} 17. Nxc6 {[%emt 0:13:14]} Qxc6 {[%emt 0:01:29]} 18. Ne4 {[%emt 0:00:57]} h6 {[%emt 0:11:38]} 19. c3 {[%emt 0:06:10]} a6 {[%emt 0:03:17]} 20. Nxf6+ {[%emt 0:01:05]} Bxf6 {[%emt 0:00:12]} 21. Qe4 {[%emt 0:01:06]} Qxe4 {[%emt 0:00:06]} 22. Bxe4 {[%emt 0:00:03]} b6 {[%emt 0:01:20]} 23. Kf1 {[%emt 0:01:00]} a5 {[%emt 0:03:41]} 24. Ke2 {[%emt 0:00:53]} Bg5 {[%emt 0:01:42]} 25. Bc6 {[%emt 0:01:52]} f5 {[%emt 0:06:11]} 26. Rxd8 {[%emt 0:00:57]} Rxd8 {[%emt 0:00:16]} 27. Rd1 {[%emt 0:00:29]} Rxd1 {[%emt 0:00:38]} 28. Kxd1 {[%emt 0:00:05]} Kf7 {[%emt 0:00:16]} 29. b4 {[%emt 0:01:20]} Bf6 {[%emt 0:04:09]} 30. Kc2 {[%emt 0:00:16]} e5 {[%emt 0:01:29]} 31. f3 {[%emt 0:00:45]} g5 {[%emt 0:02:29]} 1/2-1/2

[Event "POL-chT 2nd League Juniors 2020"]
[Site "Sypniewo"]
[Date "2020.10.24"]
[Round "2.24"]
[White "Lewicka, Joanna"]
[Black "Pastuszko, Katarzyna"]
[Result "0-1"]
[WhiteElo "1243"]
[BlackElo "1251"]
[Annotator "NA RC"]
[PlyCount "102"]
[EventDate "2020.10.23"]
[EventType "team-tourn"]
[EventCountry "POL"]
[SourceTitle "playchess.com"]
[Source "ChessBase"]
[SourceQuality "1"]
[TimeControl "5400+30"]

1. e4 {[%emt 0:00:00]} e5 {[%emt 0:00:00]} 2. Nf3 {[%emt 0:00:00]} Nc6 {[%emt 0:00:00]} 3. Bc4 {[%emt 0:00:00]} Nf6 {[%emt 0:00:00]} 4. d3 {[%emt 0:00:10]} Bc5 {[%emt 0:00:08]} 5. O-O {[%emt 0:00:34]} d6 {[%emt 0:00:39]} 6. h3 {[%emt 0:00:10]} h6 {[%emt 0:00:49]} 7. c3 {[%emt 0:00:57]} O-O {[%emt 0:01:43]} 8. Re1 {[%emt 0:00:46]} Be6 {[%emt 0:01:41]} 9. Bb3 {[%emt 0:03:03]} Qd7 {[%emt 0:06:40]} 10. d4 {[%emt 0:03:18]} Bxb3 {[%emt 0:01:10]} 11. axb3 exd4 {[%emt 0:00:48]} 12. cxd4 {[%emt 0:04:30]} Bb4 {[%emt 0:03:05]} 13. Nc3 {[%emt 0:00:11]} Rfe8 {[%emt 0:01:25]} 14. Qe2 {[%emt 0:04:16]} Bxc3 {[%emt 0:02:31]} 15. bxc3 {[%emt 0:00:29]} Nxe4 {[%emt 0:01:40]} 16. Qd3 {[%emt 0:02:46]} Nf6 {[%emt 0:06:17]} 17. Bb2 {[%emt 0:03:32]} Nd5 {[%emt 0:06:39]} 18. c4 {[%emt 0:02:17]} Nf4 {[%emt 0:01:59]} 19. Qc3 {[%emt 0:03:08]} Ne2+ {[%emt 0:02:11]} 20. Rxe2 {[%emt 0:01:02]} Rxe2 {[%emt 0:00:43]} 21. d5 {[%emt 0:00:23]} Ne5 {[%emt 0:00:33]} 22. Nxe5 {[%emt 0:02:42]} dxe5 {[%emt 0:01:26]} 23. Bc1 {[%emt 0:09:24]} Qf5 {[%emt 0:02:09]} 24. Be3 {[%emt 0:01:37]} Rc2 {[%emt 0:02:39]} 25. Qb4 {[%emt 0:02:39]} Qc8 {[%emt 0:04:50]} 26. Rxa7 {[%emt 0:04:17]} Rxa7 {[%emt 0:00:38]} 27. Bxa7 {[%emt 0:00:05]} b6 {[%emt 0:04:21]} 28. c5 {[%emt 0:00:34]} Rxc5 {[%emt 0:01:14]} 29. d6 {[%emt 0:02:09]} Ra5 {[%emt 0:02:12]} 30. Bxb6 {[%emt 0:04:39]} cxb6 {[%emt 0:01:45]} 31. Qxb6 {[%emt 0:00:09]} Qc1+ {[%emt 0:00:16]} 32. Kh2 {[%emt 0:00:07]} Qd2 {[%emt 0:01:14]} 33. d7 {[%emt 0:04:17]} Rd5 {[%emt 0:00:47]} 34. Qb8+ {[%emt 0:00:40]} Kh7 {[%emt 0:00:14]} 35. d8=Q {[%emt 0:00:23]} Rxd8 {[%emt 0:00:23]} 36. Qxe5 {[%emt 0:00:08]} Qd6 {[%emt 0:00:37]} 37. Qxd6 {[%emt 0:01:08]} Rxd6 {[%emt 0:00:05]} 38. b4 {[%emt 0:00:10]} Rb6 {[%emt 0:00:06]} 39. b5 {[%emt 0:00:03]} Rxb5 {[%emt 0:00:04]} 40. Kg1 {[%emt 0:00:09]} Kg6 {[%emt 0:00:13]} 41. Kh2 {[%emt 0:00:13]} Kg5 {[%emt 0:00:18]} 42. Kg3 {[%emt 0:00:06]} Rb3+ {[%emt 0:00:06]} 43. Kh2 {[%emt 0:00:34]} Kf4 {[%emt 0:00:13]} 44. Kg1 {[%emt 0:00:11]} g5 {[%emt 0:00:24]} 45. g3+ {[%emt 0:00:37]} Kf3 {[%emt 0:00:20]} 46. h4 {[%emt 0:00:56]} gxh4 {[%emt 0:00:16]} 47. gxh4 {[%emt 0:00:08]} Rb2 {[%emt 0:00:14]} 48. h5 {[%emt 0:00:05]} Rxf2 {[%emt 0:00:16]} 49. Kh1 {[%emt 0:00:05]} Kg3 {[%emt 0:00:28]} 50. Kg1 {[%emt 0:00:08]} f6 {[%emt 0:00:04]} 51. Kh1 {[%emt 0:00:18]} Rf1# {[%emt 0:00:03]} 0-1

[Event "POL-chT 2nd League Juniors 2020"]
[Site "Sypniewo"]
[Date "2020.10.24"]
[Round "3.1"]
[White "Majdanski, Maksymilian"]
[Black "Zabron, Maksym"]
[Result "0-1"]
[WhiteElo "1817"]
[BlackElo "1932"]
[Annotator "TA"]
[PlyCount "88"]
[EventDate "2020.10.23"]
[EventType "team-tourn"]
[EventCountry "POL"]
[SourceTitle "playchess.com"]
[Source "ChessBase"]
[SourceQuality "1"]

{[%evp 12,87,16,19,26,0,21,-5,1,-28,-16,-81,-88,-122,-132,-145,-136,-154,-130,-139,-95,-138,-131,-189,-178,-207,-202,-210,-210,-258,-263,-254,-22,-252,-252,-217,-129,-352,-282,-385,-382,-538,-538,-747,-458,-466,-458,-456,-457,-472,-449,-659,-660,-612,-522,-485,-325,-391,-411,-473,-474,-414,-292,-505,-177,-174,-160,-459,-346,-333,-309,-588,-590,-817,-800,-29997,-29998,-29999]} 1. Nf3 Nf6 2. g3 d5 3. Bg2 c6 4. O-O Bg4 5. d3 Nbd7 6. Nbd2 e5 7. c4 Bd6 {A07: Réti Opening: New York and Capablanca Systems.} 8. h3 Bh5 9. Rb1 a5 {[#] The position is equal.} 10. b3 $146 ({Predecessor:} 10. Qc2 O-O 11. a3 Qe7 12. e4 dxe4 13. Nxe4 Nxe4 14. dxe4 a4 15. Be3 Bc5 16. Qc3 Bxf3 17. Bxf3 Bxe3 18. Qxe3 {½-½ (73) Nguyen,C (1757)-Bui,D (1787) Ho Chi Minh City 2014}) 10... O-O 11. Bb2 (11. cxd5 $11 {remains equal.} Nxd5 12. Bb2) 11... e4 $17 12. Ne1 {[%cal Rd3e4] [#]} e3 $1 {[%mdl 512]} 13. fxe3 Bxg3 14. Ndf3 Re8 15. Nc2 Ne5 16. Bc3 Ng6 17. Be1 (17. Qd2 $17) 17... Bc7 $19 18. Bf2 Qd6 ({Weaker is} 18... Bxf3 19. exf3 Ne7 20. Re1 $11) 19. Re1 c5 20. Na3 Bxf3 21. exf3 Qh2+ 22. Kf1 {[#]} d4 $1 {[%cal Rd4e3][%mdl 512] Hoping for ...dxe3.} 23. Bg1 (23. exd4 Nf4) 23... Qg3 $40 {[%mdl 128] Black is out for blood.} (23... Qe5 $19 {And now ...Nh4 would win.} 24. Nb5 Nh5) 24. Nb5 $2 {White does not recover from this.} (24. Bf2 $17 Qg5 25. f4) 24... dxe3 25. Bxe3 Nh4 {[%csl Gh4][%cal Rg3g2]} 26. Rb2 (26. Qc2 $142 Nxf3 27. Bf2) 26... Be5 27. Rd2 Rac8 28. d4 cxd4 29. Bxd4 Bxd4 30. Nxd4 Nh5 {...Qh2 is the strong threat.} 31. Rxe8+ (31. Re4 $142 Nf4 32. Qe1 Qxe1+ 33. Kxe1 Nhxg2+ 34. Kf2) 31... Rxe8 32. Re2 {[%cal Re2e8]} Rf8 33. Qe1 Qf4 34. Rd2 h6 35. Ne2 Qg5 {[%csl Gh4][%cal Rg5g2]} 36. Nc3 Nf4 {[%cal Rf4g2]} 37. Ne4 $2 (37. Bh1 {is the only way for White.}) 37... Qh5 $2 (37... Nhxg2 38. Nxg5 Nxe1 39. Kxe1 hxg5) 38. Qg3 {Black must now prevent Nf6+.} Nhg6 39. Nf2 $2 (39. Kg1 $17) 39... Qf5 40. Ne4 Re8 41. Qg4 $2 (41. Kg1 {might work better.} Qe5 42. Qf2) 41... Qe5 {Threatens to win with ...f5.} 42. Qg3 f5 43. Nd6 Qa1+ 44. Kf2 Qe1# {Av CentiPawn Loss W=-94/B=-64. Weighted=-133/-52} 0-1

[Event "POL-chT 2nd League Juniors 2020"]
[Site "Sypniewo"]
[Date "2020.10.24"]
[Round "3.1"]
[White "Ursnik, Patryk"]
[Black "Lewandowski, Wiktor"]
[Result "1/2-1/2"]
[WhiteElo "1645"]
[BlackElo "1756"]
[Annotator "NA"]
[PlyCount "48"]
[EventDate "2020.10.23"]
[EventType "team-tourn"]
[EventCountry "POL"]
[SourceTitle "playchess.com"]
[Source "ChessBase"]
[SourceQuality "1"]
[TimeControl "5400+30"]

1. e4 c5 2. c3 g6 3. d4 cxd4 4. cxd4 d5 5. e5 Nc6 6. h3 Nh6 7. Nf3 Bg7 8. Be2 O-O 9. Nc3 f6 10. exf6 exf6 11. O-O Be6 12. Re1 Re8 13. Bf4 g5 14. Bg3 Nf5 15. Bh2 Rc8 16. Bb5 a6 17. Ba4 Bf7 18. Rxe8+ Qxe8 19. Bc2 Nfe7 20. Na4 Qd8 21. Nc5 Qb6 22. Na4 Qd8 23. Nc5 Qb6 24. Na4 Qd8 1/2-1/2

[Event "POL-chT 2nd League Juniors 2020"]
[Site "Sypniewo"]
[Date "2020.10.24"]
[Round "3.2"]
[White "Kolodziejski, Piotr"]
[Black "Bialik, Nikodem"]
[Result "1/2-1/2"]
[WhiteElo "1905"]
[BlackElo "1547"]
[Annotator "TA"]
[PlyCount "140"]
[EventDate "2020.10.23"]
[EventType "team-tourn"]
[EventCountry "POL"]
[SourceTitle "playchess.com"]
[Source "ChessBase"]
[SourceQuality "1"]

{[%evp 21,140,-5,27,24,21,9,83,66,90,89,95,108,103,70,64,35,47,32,33,30,56,47,97,118,102,40,39,40,39,41,80,80,80,67,67,76,80,76,89,80,71,58,81,66,102,62,131,131,248,257,349,319,431,427,567,535,605,607,601,578,555,508,535,521,535,534,401,68,68,25,77,25,25,0,0,0,0,0,0,0,0,0,0,32,49,125,230,0,0,0,0,0,0,0,0,0,0,0,0,0,0,0,0,0,0,0,0,0,0,0,0,0,0,0,0,0,0,0,0,0,139]} 1. e4 c5 2. Nf3 Nc6 3. d4 cxd4 4. Nxd4 Nf6 5. Nc3 e5 6. Ndb5 d6 7. Bg5 a6 8. Na3 b5 9. Nd5 Be7 10. Bxf6 Bxf6 11. c4 bxc4 (11... b4 {looks sharper.} 12. Nc2 a5 13. b3 O-O 14. g3 Be6) 12. Bxc4 {B33: Sicilian: Pelikan and Sveshnikov Variations.} O-O {[#]} 13. Nxf6+ $146 ({Predecessor:} 13. O-O Rb8 14. Qd3 a5 15. Nb5 Be6 16. Rfd1 Nd4 17. Nxd4 exd4 18. Nxf6+ Qxf6 19. b3 Bxc4 20. bxc4 Rb2 21. Qxd4 Rc8 22. f3 Qxd4+ 23. Rxd4 g6 24. a3 {½-½ (24) Ponomariov,R (2667)-Maze,S (2578) Skopje 2019}) 13... gxf6 (13... Qxf6 $11 14. Bd5 Bd7) 14. Bd5 $16 {White is better.} Qa5+ 15. Qd2 Qxd2+ 16. Kxd2 Bd7 17. Rac1 Rac8 18. Nc4 {Strongly threatening Nb6.} Rb8 19. Bxc6 Bxc6 20. Ke3 Rfd8 21. b3 Bb7 22. Na5 d5 23. exd5 (23. Rhd1 $16) 23... Rxd5 $14 24. Nxb7 Rxb7 25. Rhd1 Rxd1 26. Rxd1 {[%mdl 4096] Endgame KR-KR} Rb6 27. Ke4 Rc6 28. Rd2 Kf8 29. f4 Re6 30. Rc2 Ke7 31. Rc7+ Ke8 32. fxe5 fxe5 33. g4 h6 (33... Rh6 $14) 34. h4 Rd6 (34... Rg6 $16) 35. Kxe5 $18 Rd2 {[#]} 36. a4 $1 Rd3 37. Rb7 Rh3 38. h5 Rg3 39. Kf4 Rd3 40. Rb6 a5 41. Rb7 Kf8 42. Rb5 Kg7 43. Rxa5 Rxb3 44. Ra6 $2 ({White has to play} 44. Rb5 $18 Rc3 45. a5) 44... Rb1 $14 45. a5 Rb4+ {[#]} 46. Kg3 (46. Kf5 $1 $16) 46... Ra4 47. Ra7 Kf6 48. Kh4 {Threatening Ra6+.} Kg7 49. a6 Kf6 50. Ra8 Kg7 51. Kg3 Kf6 52. a7 {Black must now prevent g5+!} Kg7 53. Kf3 Kf6 {[#]} (53... Ra3+ $16 54. Kf4 Kf6) 54. g5+ $1 {[%mdl 512]} Kg7 $1 $11 {The position is equal.} (54... Kxg5 55. Rg8+) 55. gxh6+ Kh7 56. Ke3 {And now Kd3 would win.} Ra1 57. Ke4 {aiming for Kf5.} Ra5 58. Kd4 {Threatens to win with Kc4.} Ra1 59. Ke5 {Hoping for Kf6.} Ra6 60. Kf5 Ra1 61. Kf6 Rf1+ 62. Ke7 Re1+ 63. Kxf7 Rf1+ 64. Ke6 Re1+ 65. Kd5 {White threatens Rh8+! and mate.} Rd1+ 66. Kc4 {White wants to mate with Rh8+!} Ra1 67. Kb3 ({Don't go for} 67. Rh8+ $2 Kxh8 68. Kc5 Rxa7 69. Kd4 Kh7 70. Kc3 Kxh6 71. Kd4 Ra5 72. Ke4 Kxh5 73. Kd4 Kg4 74. Ke4 Kg3 75. Kd3 Ra4 76. Ke3 Rf4 77. Kd2 Kf3 78. Kd3 Re4 79. Kd2 Re3 80. Kd1 Re2 81. Kc1 Ke4 82. Kd1 Ke3 83. Kc1 Kd3 84. Kd1 Re8 85. Kc1 Rb8 86. Kd1 Rb1#) 67... Ra6 68. Kb4 Ra1 69. Kb5 Rb1+ 70. Kc6 (70. Ka4 $11 Ra1+ 71. Kb3) 70... Rc1+ {White really could win this. Av CentiPawn Loss W=-14/B=-17. Weighted=-15/-18} 1/2-1/2

[Event "POL-chT 2nd League Juniors 2020"]
[Site "Sypniewo"]
[Date "2020.10.24"]
[Round "3.3"]
[White "Cieply, Krzysztof"]
[Black "Komendecki, Antoni"]
[Result "0-1"]
[WhiteElo "1573"]
[BlackElo "1801"]
[Annotator "NA"]
[PlyCount "80"]
[EventDate "2020.10.23"]
[EventType "team-tourn"]
[EventCountry "POL"]
[SourceTitle "playchess.com"]
[Source "ChessBase"]
[SourceQuality "1"]
[TimeControl "5400+30"]

{[%evp 8,66,55,12,57,32767,32767,32767,32767,32767,32767,32767,32767,32767,-100,-89,-98,-100,32767,32767,32767,32767,-95,-102,-87,-138,-144,32767,-129,-135,-146,-146,-148,-162,-147,-175,-161,32767,-164,-182,32767,-154,-153,-145,-146,-158,-150,-161,-166,-185,-169,-172,-140,-171,-138,32767,-174,-174,-131,-139,-137]} 1. e4 {[%emt 0:00:00]} c5 {[%emt 0:00:00]} 2. Nf3 {[%emt 0:00:00]} g6 {[%emt 0:00:00]} 3. d4 {[%emt 0:00:00]} cxd4 {[%emt 0:00:00]} 4. Nxd4 {[%emt 0:00:00]} Bg7 {[%emt 0:00:00]} 5. Nc3 {[%emt 0:00:10]} Nc6 {[%emt 0:00:05]} 6. Be3 {[%emt 0:00:12]} Nf6 {[%emt 0:00:12]} 7. f3 {[%emt 0:00:07]} O-O {[%emt 0:00:12]} 8. Bc4 {[%emt 0:00:43]} Qb6 {[%emt 0:03:27]} 9. Qd2 {[%emt 0:02:52]} Nxe4 {[%emt 0:01:14]} 10. fxe4 {[%emt 0:00:35]} Bxd4 {[%emt 0:01:10]} 11. Bxd4 {[%emt 0:00:22]} Qxd4 {[%emt 0:00:30]} 12. Qxd4 {[%emt 0:00:34]} Nxd4 {[%emt 0:00:21]} 13. O-O-O {[%emt 0:00:11]} Nc6 {[%emt 0:01:03]} 14. Nd5 {[%emt 0:02:15]} Rb8 {[%emt 0:04:59] B35: Sicilian: Accelerated Dragon with 5 Nc3: main line.} 15. Bb5 {[%emt 0:01:53]} Re8 {[%emt 0:03:27] [#]} 16. Bc4 $146 {[%emt 0:00:30]} ({Predecessor:} 16. Nc7 Rd8 17. Nd5 Kf8 18. h4 a6 19. Ba4 b5 20. Bb3 d6 21. Rdf1 Be6 22. h5 {0-1 (38) Mitra,A (1848)-Sundin,E (2166) Uppsala 2018}) 16... d6 {[%emt 0:19:55]} 17. h3 {[%emt 0:02:34]} Be6 {[%emt 0:04:35]} 18. Bb3 {[%emt 0:00:24]} Bxd5 {[%emt 0:01:20]} 19. Bxd5 {[%emt 0:00:55]} Ne5 {[%emt 0:00:17]} 20. Rhf1 {[%emt 0:00:23]} b5 {[%emt 0:02:19]} 21. Rf2 {[%emt 0:02:05]} Rec8 {[%emt 0:00:32]} 22. Kb1 {[%emt 0:00:23]} a5 {[%emt 0:00:31]} 23. a3 {[%emt 0:00:22]} a4 {[%emt 0:02:14]} 24. Rd4 {[%emt 0:01:57]} Rc5 {[%emt 0:12:21]} 25. c3 {[%emt 0:01:00]} Kg7 {[%emt 0:04:42]} 26. Rd1 {[%emt 0:01:27]} Rbc8 {[%emt 0:05:14]} 27. Rfd2 {[%emt 0:02:19]} h5 {[%emt 0:05:27]} 28. Rf2 {[%emt 0:00:33]} Rf8 {[%emt 0:06:07]} 29. Kc2 {[%emt 0:00:49]} f6 {[%emt 0:03:37]} 30. Be6 {[%emt 0:00:24]} Nc6 {[%emt 0:04:58]} 31. Kb1 {[%emt 0:01:20]} Re5 {[%emt 0:00:43]} 32. Bd5 $19 {[%emt 0:00:37]} Nd8 {[%emt 0:01:28]} 33. Rd4 {[%emt 0:02:46]} Ne6 {[%emt 0:02:34]} 34. Rdd2 {[%emt 0:01:34]} Nc5 {[%emt 0:00:32]} 35. Rd4 {[%emt 0:01:19]} Rc8 {[%emt 0:01:18]} 36. Rf3 {[%emt 0:02:33]} e6 {[%emt 0:00:32]} 37. Ba2 {[%emt 0:00:15]} Nxe4 {[%emt 0:00:06]} 38. Rdd3 {[%emt 0:01:27]} d5 {[%emt 0:01:42]} 39. Rd1 {[%emt 0:00:38]} Rg5 {[%emt 0:00:35]} 40. Rfd3 {[%emt 0:02:19]} Nf2 {[%emt 0:00:18]} 0-1

[Event "POL-chT 2nd League Juniors 2020"]
[Site "Sypniewo"]
[Date "2020.10.24"]
[Round "3.3"]
[White "Lochinski, Pawel"]
[Black "Duda, Leon"]
[Result "1/2-1/2"]
[WhiteElo "1426"]
[BlackElo "1388"]
[Annotator "NA RC"]
[PlyCount "80"]
[EventDate "2020.10.23"]
[EventType "team-tourn"]
[EventCountry "POL"]
[SourceTitle "playchess.com"]
[Source "ChessBase"]
[SourceQuality "1"]
[TimeControl "5400+30"]

1. e4 {[%emt 0:00:00]} c5 {[%emt 0:00:00]} 2. Nf3 {[%emt 0:00:00]} Nc6 {[%emt 0:00:00]} 3. Bb5 {[%emt 0:00:00]} d6 {[%emt 0:01:34]} 4. O-O {[%emt 0:00:47]} Nf6 {[%emt 0:00:30]} 5. Re1 {[%emt 0:00:32]} Bd7 {[%emt 0:01:31]} 6. c3 {[%emt 0:10:24]} g6 {[%emt 0:07:44]} 7. Bxc6 {[%emt 0:09:55]} Bxc6 {[%emt 0:00:27]} 8. e5 {[%emt 0:00:18]} dxe5 {[%emt 0:01:09]} 9. Nxe5 {[%emt 0:00:42]} Bg7 {[%emt 0:00:33]} 10. Nxc6 {[%emt 0:00:14]} bxc6 {[%emt 0:00:06]} 11. d3 {[%emt 0:03:21]} O-O {[%emt 0:00:21]} 12. Be3 {[%emt 0:00:59]} Qb6 {[%emt 0:06:29]} 13. b4 {[%emt 0:05:21]} Nd7 {[%emt 0:02:37]} 14. Qc2 {[%emt 0:03:26]} a5 {[%emt 0:05:01]} 15. bxc5 {[%emt 0:01:24]} Nxc5 {[%emt 0:00:10]} 16. d4 {[%emt 0:04:48]} Nd7 {[%emt 0:00:43]} 17. Nd2 {[%emt 0:04:28]} Qc7 {[%emt 0:00:55]} 18. Rab1 {[%emt 0:09:01]} c5 {[%emt 0:02:25]} 19. d5 {[%emt 0:07:31]} c4 {[%emt 0:00:55]} 20. Bg5 {[%emt 0:01:16]} Nf6 {[%emt 0:00:48]} 21. Bxf6 {[%emt 0:06:46]} Bxf6 {[%emt 0:00:10]} 22. Ne4 {[%emt 0:00:13]} Be5 {[%emt 0:02:00]} 23. g3 {[%emt 0:02:11]} Rfd8 {[%emt 0:00:19]} 24. Red1 {[%emt 0:01:48]} Rd7 {[%emt 0:02:16]} 25. Rb5 {[%emt 0:03:19]} Rad8 {[%emt 0:01:26]} 26. Qa4 {[%emt 0:03:13]} h6 {[%emt 0:02:05]} 27. Rc5 {[%emt 0:03:43]} Qb7 {[%emt 0:01:25]} 28. Qxc4 {[%emt 0:00:23]} f5 {[%emt 0:01:39]} 29. d6+ {[%emt 0:03:57]} Kg7 {[%emt 0:00:17]} 30. Rxe5 {[%emt 0:00:09]} fxe4 {[%emt 0:00:08]} 31. Qxe4 {[%emt 0:00:05]} Qxe4 {[%emt 0:00:34]} 32. Rxe4 {[%emt 0:00:04]} exd6 {[%emt 0:00:09]} 33. Ra4 {[%emt 0:00:30]} Rc8 {[%emt 0:01:17]} 34. c4 {[%emt 0:00:35]} Kf6 {[%emt 0:00:54]} 35. Rd5 {[%emt 0:00:54]} Ke6 {[%emt 0:02:51]} 36. Rd4 {[%emt 0:02:30]} Rc5 {[%emt 0:01:11]} 37. f4 {[%emt 0:00:19]} Rb7 {[%emt 0:01:18]} 38. Rd2 {[%emt 0:02:58]} Rb4 {[%emt 0:00:21]} 39. Rxb4 {[%emt 0:00:25]} axb4 {[%emt 0:00:06]} 40. Rc2 {[%emt 0:00:07]} Kf5 {[%emt 0:00:32]} 1/2-1/2